Právo, zákonodárství a svoboda nový výklad liberálních principů spravedlnosti a politické ekonomie
Saved in:
| Main Author: | |
|---|---|
| Other Authors: | |
| Format: | Book |
| Language: | Czech |
| Published: |
Praha
PROSTOR
2011
|
| Edition: | 1. vyd. |
| Series: | Obzor
|
| Subjects: | |
| Tags: |
No Tags, Be the first to tag this record!
|
MARC
| LEADER | 00000nam a2200000 4500 | ||
|---|---|---|---|
| 001 | 0150413 | ||
| 005 | 20240313090305.0 | ||
| 020 | |a 978-80-7260-253-7 | ||
| 041 | 0 | |a cze | |
| 044 | |a CZ | ||
| 245 | 1 | 0 | |a Právo, zákonodárství a svoboda |b nový výklad liberálních principů spravedlnosti a politické ekonomie |c Friedrich August von Hayek ; přeložil Tomáš Ježek |
| 250 | |a 1. vyd. | ||
| 264 | 1 | |a Praha |b PROSTOR |c 2011 | |
| 300 | |a 856 s. | ||
| 490 | 1 | |a Obzor | |
| 830 | 0 | |a Obzor | |
| 610 | 2 | 0 | |a ekonómia politická |
| 610 | 2 | 0 | |a liberalizmus |
| 610 | 2 | 0 | |a právo |
| 610 | 2 | 0 | |a zákonodarstvo |
| 610 | 2 | 0 | |a spravodlivosť |
| 100 | 1 | |a Hayek, Friedrich August von | |
| 700 | 1 | |a Ježek, Tomáš | |